Documentación

Guardat en:
Dades bibliogràfiques
Format: Text
Publicat: Madrid: M.A.P.A.
Matèries:
Etiquetes: Afegir etiqueta
Sense etiquetes, Sigues el primer a etiquetar aquest registre!

MARC

LEADER 00000 a a2200000 04500
001 28918
003
040
090 |a 148717  
245 |a Documentación  
260 |a Madrid:   |b M.A.P.A.  
300 |a p. irreg.; vol 2  
650 |a AGRICULTURA  
650 |a CEREALES  
650 |a PEQUEÑOS AGRIGULTORES  
650 |a LIBRE COMERCIO  
650 |a INVESTIGACION Y DESARROLLO  
650 |a DESARROLLO RURAL  
999 |c 3127  |d 3127